Statistics for Neighbouring countries that have highest income disparity

Click here to take the quiz!

General Stats

  • This quiz has been taken 17 times
  • The average score is 5 of 10

Answer Stats

Disparity in USDAnswer% Correct
30300South Korea North Korea
88%
24600Oman Yemen
59%
22200Saudi Arabia Yemen
59%
26300Israel Syria
53%
20600Saudi Arabia Iraq
47%
24000Israel Egypt
41%
25400Israel Jordan
41%
38300Kuwait Iraq
41%
17300Equatorial guinea Cameroon
29%
25900Spain Morocco
12%

Score Distribution

Percentile by Number Answered

Percent of People with Each Score

Your Score History

You have not taken this quiz